Integrace zásobovacího řetězce

Vznik elektronického trhu mení pohľad i na úlohu dodávateľov, veľkoobchodov a distribútorov. Integrácia vzťahov. Čo je Rosettanet.

Gespeichert in:
Bibliographische Detailangaben
Format: Buchkapitel
Sprache:Tschechisch
Schlagworte:
Tags: Tag hinzufügen
Keine Tags, Fügen Sie das erste Tag hinzu!

MARC

LEADER 00000naa a2200000 4500
001 r044535
005 20230522104654.8
041 0 |a cze 
044 |a CZ 
245 1 0 |a Integrace zásobovacího řetězce 
520 |a Vznik elektronického trhu mení pohľad i na úlohu dodávateľov, veľkoobchodov a distribútorov. Integrácia vzťahov. Čo je Rosettanet. 
610 2 0 |a reťazce distribučné 
610 2 0 |a dodávatelia 
610 2 0 |a veľkoobchod 
610 2 0 |a distribúcia 
610 2 0 |a technológie informačné